00771nam a2200181 a 450000100100000000500170001000800410002704000250006808200150009310000460010824501110015426000360026530000300030104900090033195201130034095201190045399900170057200003019120200930060123.0110504s1991 dr c 000 0 spa d aDO-SdBNPbspacBNPHU axxxbP438f1 aPérez y Pérez, Rafael Leonidas91996410aFundación del distrito municipal de Mella, provincia independencia /cRafael Leonidas Pérez y Pérez. aSanto Domingo :b[s.n.],c1991. a17 p. :bretrs. ;c22 cm. aBNPD 0010718PDaPDbPDcCTd2011-05-04iLF1l0oxxx P438fp30191-10r2020-06-25w2020-06-25yLFPDZNo se presta 0010718PDaPDbPDcCTd2011-05-04iLF1l0oxxx P438fp30191-20r2020-06-25te. 2w2020-06-25yLFPDZNo se presta c29683d29683